Score 0/26 Timer 04:00
1 Play Today
Movie Word % Correct
The Day After ________Tomorrow
94.9%
When the Wind _____Blows
94.3%
The ___ of the WorldsWar
93.7%
Dawn of the ____Dead
93.5%
Escape from New ____York
92.1%
When Worlds _______Collide
91.7%
____________ DayIndependence
88.8%
The Darkest ____Hour
88.2%
Tooth and ____Nail
85.4%
________ EvilResident
81.5%
Jason _X
76.6%
I Am ______Legend
76.4%
The Book of ___Eli
75.9%
Movie Word % Correct
Panic in Year ____!Zero
69.5%
______ Rider 2010Knight
67.8%
Godzilla __ Destroyah Vs.
66.4%
12 _______Monkeys
65.9%
The _________ StrainAndromeda
65.5%
The _____ EarthQuiet
61%
Save the Green ______!Planet
58.8%
Reign of ____Fire
57.1%
_______ GreenSoylent
54%
The ________ WarriorUltimate
40.5%
Tank ____Girl
39.2%
The World Sinks Except _____Japan
33.5%
The _____ CodeOmega
28.9%

Today's Daily Dose

You're not logged in!

Compare scores with friends on all Sporcle quizzes.
OR
Log In

Sporcle TV

Today on Sporcle TV


Watch our educational content, quiz creation guides, and fun videos on Sporcle TV.

Show Comments

Extras

Top Quizzes Today


Score Distribution

Your Account Isn't Verified!

In order to create a playlist on Sporcle, you need to verify the email address you used during registration. Go to your Sporcle Settings to finish the process.

Report this User

Report this user for behavior that violates our Community Guidelines.

Details: